Регионална библиотека "Любен Каравелов" - Русе

Мълчание | В степта (Запис номер 131400)

MARC детайли
000 -Лидер
Контролно поле с фиксирана дължина nam a22 a 4500
003 - Код на организацията, давaща контролен номер
Контролно поле BLK
005 - Дата и час на последна редакция
Контролно поле 20230406030315.0
008 - Елементи от данни с фиксирана дължина
fixed length control field 180409b bul|||||r ||||||| ||bul||
010 ## - Наследен системен номер
LC control number KNG00137215000
040 ## - Източник на каталожния запис
Идентификатор на билиотеката - собственик на записа BLK
041 ## - Код за език
Код за езика на текст/звукозапис или на отделно заглавие Български
Код за езика КДБФ Български
080 ## - УДК
Текстов определител УДК Руска литература
УДК код - определител по УДК 821.161.1
УДК определител -32
УДК - код + определител 821.161.1-32
100 1# - Редна дума - Автор
Автор Андреев, Леонид Николаевич
Авторска отговорност първи автор
R(LIN) 377244
139 ## - Редно поле
Редна дума Андреев, Леонид Николаевич и др.
Авторски знак Андр - А 66
245 10 - Сведения за заглавието
Заглавие Мълчание
Подзаглавни данни Разказ
Редно поле (дума) Леонид Николаевич Андреев; * Максим Горки.
245 10 - Сведения за заглавието
Заглавие В степта
Подзаглавни данни Разказ
Редно поле (дума) Максим Горки
257 ## - Страна на издаване
Страна на създаване/издаване Русия
260 ## - Област на издателските данни
Име на издателя, разпространителя и проч. сп. Библиотека
Година на издаване 1903
Място на издаване, разпространение и проч. София
300 ## - Физическа характеристика
Страници 19 с., 20 с.
Размери/Мащаб 20 см
380 ## - Жанр
Жанр Худож. лит.
500 ## - Общи забележки
Забележка Подв. към Адолф / Бенжамен Констан. 1903 със сигн. 11675 и инв. № 9971/58.
700 1# - Други автори (авторска отговорност)
Лично име Горки, Максим
Дати, свързани с автора 1868-1936
Друга информация писател
Пълна форма на името Пешков, Алексей Максимович
Автороска отговорност (Описва отношението между автора и произведението) *
9 (RLIN) 55187
852 ## - Местоположение
Форматна сигнатура Цб 11675
Фондова буква Хранилище
856 4# - Електронен адрес и достъп
Електронен формат pdf - файл
856 4# - Електронен адрес и достъп
Електронен формат pdf - файл
999 ## - СИСТЕМНИ КОНТРОЛНИ НОМЕРА
Koha biblionumber 131400
Koha biblioitemnumber 131400
942 ## - АРТИКУЛИ
Вид на библиотечния материал Книги
Скрит в OPAC Не
Периодичен библиозапис Да
944 ## - СЪЗДАВАНЕ И РЕДАКЦИЯ на ЗАПИСА
Създаване/Редакция Създаване
Дата на регистрацията/редакция 12.12.2012
Статус, дата на статуса ф / 12.12.2012
Служител, извършил регистрацията/редакцията Людмила_Стоянова
944 ## - СЪЗДАВАНЕ И РЕДАКЦИЯ на ЗАПИСА
Създаване/Редакция Редакция
Дата на регистрацията/редакция 26.06.2013
Статус, дата на статуса ф / 12.12.2012
999 ## - СИСТЕМНИ КОНТРОЛНИ НОМЕРА
Koha biblioitemnumber 131400
999 ## - СИСТЕМНИ КОНТРОЛНИ НОМЕРА
Koha biblioitemnumber 131400
Наличности
Код за отписване Код за изгубен артикул Източник на класификационната схема Код за повреда Коз за рестрикции Код за отдаване Артикулен № Име на библиотеката - собственик Име на библиотеката, в която се намира в момента Статус (Текущо местоположение) Дата на вписване в системата Местоположение - отдел Цена в лева Инвентарен номер Систематично азбучна сигнатура Баркод Номер на екземпляра Цена в евро Служебна бележка Служебен тип на артикула
  Не е изгубен Universal Decimal Classification Не е повреден само за читалня ползва се в читалня 214288 Регионална библиотека "Любен Каравелов" Русе Регионална библиотека "Любен Каравелов" Русе Хранилище 2013-06-25 Основен фонд - ползва се само за читалня 16.00 120000767497 Цб 11675 120000767497 1 8.18 Дост: DA Вид: А N: 14 Дата: 25.06.2013 Книги
Vip Innovations Ltd, Rousse, Bulgaria 2025